LEADER 01355nam a2200385 i 4500 001 991000330249707536 008 090714s2008 sz a b 001 0 eng d 020 $a9783037190418 035 $ab13842043-39ule_inst 040 $aDip.to Matematica$beng 041 1 $aeng$hrus 082 0 $a512.2$222 084 $aAMS 20-01 084 $aAMS 20D08 084 $aAMS 20E05 084 $aAMS 20E06 084 $aAMS 20E08 084 $aAMS 20F28 084 $aLC QA174.2.B64 100 1 $aBogopolski, Oleg $0471660 245 10$aIntroduction to group theory /$cOleg Bogopolski 260 $aZürich, Switzerland :$bEuropean Mathematical Society,$cc2008 300 $ax, 177 p. :$bill. ;$c24 cm 440 0$aEMS textbooks in mathematics 500 $a"English edition differs from the Russian original by the addition of a new Chapter 3" 504 $aIncludes bibliographical references (p. [169]-172) and index 650 0$aGroup theory 650 0$aFinite groups 650 0$aCombinatorial group theory 907 $a.b13842043$b02-04-14$c14-07-09 912 $a991000330249707536 945 $aLE013 20-XX BOG11 (2008)$g1$i2013000292052$lle013$op$pE36.85$q-$rl$s- $t4$u4$v19$w4$x0$y.i14995049$z30-07-09 996 $aIntroduction to group theory$9229596 997 $aUNISALENTO 998 $ale013$b14-07-09$cm$da $e-$feng$gsz $h0$i0 LEADER 01082nam0 22002891i 450 001 UON00089585 005 20231205102503.720 010 $a34-06-34385-6 100 $a20020107d1990 |0itac50 ba 101 $aita 102 $aIT 105 $a|||| ||||| 200 1 $aˆDie ‰Karthager$fWerner Huss 210 $aSonderausg 215 $aMünchen$cBeck, 1990. xii, 438 p.$d23 cm. Tit. orig. della 1a ed. del 1985: Geschichte der Karthager. 500 1$3UON00363206$aGeschichte der Karthager$948655 606 $aCARTAGINESI$xStoria$3UONC026875$2FI 620 $aDE$dMünchen$3UONL003025 676 $aA1$cSTORIA ANTICA$v21 700 1$aHUSS$bWerner$3UONV056961$0155344 712 $aBeck$3UONV246795$4650 801 $aIT$bSOL$c20240220$gRICA 899 $aSIBA - SISTEMA BIBLIOTECARIO DI ATENEO$2UONSI 912 $aUON00089585 950 $aSIBA - SISTEMA BIBLIOTECARIO DI ATENEO$dSI A 1 038 $eSI MC 15804 5 996 $aGeschichte der Karthager$948655 997 $aUNIOR